| 000 | 01466nam a2200301 a 4500 | ||
|---|---|---|---|
| 001 | 000039163 | ||
| 005 | 20240705073647.0 | ||
| 008 | 130604s2013 dr ac 000 0 spa d | ||
| 020 | _a9789945074833 | ||
| 040 |
_aDO-SdBNP _bspa _cBNPHU |
||
| 082 |
_a923.27293 _bV831H |
||
| 245 | 0 | 0 |
_aVisión de Hostos sobre Duarte : _ba propósito del bicentenario del natalicio de Juan Pablo Duarte (1813-2013) / _ccompilado y editado por Miguel Collado. |
| 260 |
_aSanto Domingo : _bArchivo General de la Nación, _c2013. |
||
| 300 |
_a101 p. : _bil., retrs. ; _c22 cm. |
||
| 490 | 1 |
_aArchivo General de la Nación _v178 |
|
| 504 | _aBibliografía : p. 79-88 | ||
| 500 | _aIncluye datos biográficos del editor en la solapa de la contracubierta | ||
| 500 | _aIncluye referencias bibliográficas y notas al pie de las páginas | ||
| 505 | 0 |
_aPrefacio -- _tDuarte -- _tEl Municipio de Santo Domingo -- _tDuarte y Sánchez como ejemplos de patriotismo infortunado -- _tSánchez-Mella -- _tLa asamblea del 27 -- _tApéndices. |
|
| 590 | _aInventariado, 2019/VM | ||
| 600 | 1 | 0 |
_aDuarte, Juan Pablo, _d1813-1876 _91494 |
| 600 | 1 | 0 |
_aHostos, Eugenio María de, _d1839-1903 _91352 |
| 651 | 0 |
_aRepública Dominicana -- _xHistoria -- _y1844-1930 _91009 |
|
| 651 | 4 |
_aRepública Dominicana _vBIOGRAFÍAS _91083 |
|
| 700 | 1 |
_aCollado, Miguel A., _d1954- _ecomp. _924696 |
|
| 830 | 0 |
_aPublicaciones del Archivo General de la Nación _n178 _965365 |
|
| 910 | _aValidado. Control de calidad MFF | ||
| 999 |
_c38653 _d38653 |
||